02319cam a22003734i 4500003000900000005001700009008004100026020001500067020001800082035002000100082001900120245011700139264009500256300005800351336002100409337002500430338002300455504003300478505123500511526001001746526001001756526001001766526001001776526000801786526000801794526000801802526000801810526000801818526000801826526000801834650002801842650004401870700003101914PE-LiUPU20250731173111.0181221s2016 utua r 001 0 eng  a1944394028 a9781944394028 a(Sirsi) a25113004a220.9bC6622302aA Bible reader's history of the ancient worldA Bible reader's history of the ancient world /c edited by Kent P. 1aProvo :bThe Jerusalem Center for Near Eastern Studies, Brigham Young University,c[2016]. aix, 450 páginas :bilustraciones;c25 centímetros atext2rdacontent aunmediated2rdamedia avolume2rdacarrier aÍndice: páginas 432-450.0 aGetting to know the ancient world -- The world of the Bible -- Archaeology -- The earliest civilizations and cities of the Near East -- Old Testament backgrounds -- Early Mesopotamia -- Egypt's Old Kingdom -- Egypt's Middle Kingdom and Second Intermediate Period -- Genesis and the ancient Near East -- The Canaanites -- Egypt's New Kingdom -- The exodus -- Sea peoples and Philistines -- Israel's conquest and settlement -- Early Israel in Canaan -- Israel's United Monarchy (1030?-931 BCE) -- Temples in the Near East and Israel -- The Neo-Assyrian Empire -- Ammonites, Moabites, Phoenicians, Arameans, and Edomites -- Israel's Divided Monarchy, part 1 (930-841 BCE ) -- Israel's Divided Monarchy, part 2 (841-722 BCE) -- Judah alone (722-586 BCE) -- The Neo-Babylonian Empire --The fall of Judah and the exile -- The Persian Empire and the restored Jewish nation -- New Testament backgrounds -- The Greeks and Alexander the Great -- The Hellenistic Age -- The Romans -- The time of Herod the Great -- Roman Palestine after Herod the Great -- Intertestamental literature and the Dead Sea scrolls -- After the Bible -- Early Christianity -- The Byzantine Period -- Palestine and the Arabs -- Medieval Palestine and the Crusades. aSEG42 aSEG41 aSEG40 aSEG39 aP94 aP87 aP86 aP85 aP77 aP76 aP35 0aBibliaxAntigüedades. 0aBibliaxHistoria de eventos bíblicos.1 aJackson, Kent P.,eeditor.